From the farm to the table / (Record no. 3880)

MARC details
000 -LEADER
fixed length control field 00855nam a22002777a 4500
001 - CONTROL NUMBER
control field 3880
003 - CONTROL NUMBER IDENTIFIER
control field FISKH
005 - DATE AND TIME OF LATEST TRANSACTION
control field 20240521083905.0
008 - FIXED-LENGTH DATA ELEMENTS--GENERAL INFORMATION
fixed length control field 240521b cb ||||| |||| 00| 0 eng d
020 ## - INTERNATIONAL STANDARD BOOK NUMBER
International Standard Book Number 9780823963362
040 ## - CATALOGING SOURCE
Original cataloging agency FISKH
Language of cataloging eng
Transcribing agency FISKH
Modifying agency FISKH
082 ## - DEWEY DECIMAL CLASSIFICATION NUMBER
Classification number 580
100 ## - MAIN ENTRY--PERSONAL NAME
Personal name Leigh, Autumn
Relator term author
245 ## - TITLE STATEMENT
Title From the farm to the table /
Statement of responsibility, etc. by Autumn, Leigh
250 ## - EDITION STATEMENT
Edition statement Published in 2010
260 ## - PUBLICATION, DISTRIBUTION, ETC.
Place of publication, distribution, etc. New York :
Name of publisher, distributor, etc. The Rosen Publishing Group, Inc .
Date of publication, distribution, etc. 2010
300 ## - PHYSICAL DESCRIPTION
Extent 8 pages :
Other physical details color illustrations ;
Dimensions 22 cm .
490 ## - SERIES STATEMENT
Series statement Rosen Real Readers
505 ## - FORMATTED CONTENTS NOTE
Formatted contents note AA <br/>
520 ## - SUMMARY, ETC.
Summary, etc. Describes the cycle of food, from being grown on a farm to sold in a market to consumed at home.
521 8# - TARGET AUDIENCE NOTE
Target audience note 30 <br/>
Source Lexile <br/>
521 8# - TARGET AUDIENCE NOTE
Target audience note AA <br/>
Source Raz-Plus <br/>
650 ## - SUBJECT ADDED ENTRY--TOPICAL TERM
Topical term or geographic name entry element plants
Form subdivision non-fiction
942 ## - ADDED ENTRY ELEMENTS (KOHA)
Source of classification or shelving scheme Dewey Decimal Classification
Koha item type Books
Suppress in OPAC No
Holdings
Withdrawn status Lost status Source of classification or shelving scheme Damaged status Not for loan Collection Home library Current library Shelving location Date acquired Total Checkouts Full call number Barcode Date last seen Price effective from Koha item type
    Dewey Decimal Classification     Non-Fiction Footprints International School Library Network Toul Kork Campus Footprints International School Library Network Toul Kork Campus   05/21/2024   LEI 580 2024-0657 05/21/2024 05/21/2024 Books